Top five movie series of all time. - Statistics

General Stats
  • This quiz has been taken 39 times
  • The average score is 3 of 5
Answer Stats
Hint Answer % Correct
1 Star Wars
95%
4 Harry Potter
68%
2 Lord of the Rings
53%
3 Marvel
42%
5 Transformers
11%
No matching quizzes found
Score Distribution
Percent of People with Each Score
Percentile by Number Answered
Your Score History
You have not taken this quiz